Triple Flyover Countries - Randomized - Statistics

General Stats
  • This quiz has been taken 71 times
  • The average score is 11 of 18
Answer Stats
Route Countries % Correct
Kathmandu - Tehran Afghanistan
100%
Cairo - Marrakesh Algeria
100%
Genoa - Lisbon Andorra
100%
Montevideo - Quito Argentina
100%
Berlin - Zagreb Austria
100%
Kraków - Zürich Austria
100%
Paris - Warsaw Belgium
100%
Lagos - Yamoussoukro Benin
100%
Montevideo - Quito Bolivia
100%
Montevideo - Paramaribo Brazil
100%
Asuncion - Stockholm Brazil
100%
Buenos Aires - Marrakesh Brazil
100%
Hanoi - Kuala Lumpur Cambodia
100%
Khartoum - Sao Tomé Cameroon
100%
Amsterdam - New York Canada
100%
Khartoum - Sao Tomé Central African Republic
100%
Mogadishu - Pyongyang China
100%
Anchorage - Vientiane China
100%
Kabul - Thimphu China
100%
Hanoi - Thimphu China
100%
Bujumbura - Perth Comoros
100%
Berlin - Zagreb Czech Republic
100%
Kraków - Zürich Czech Republic
100%
Stockholm - Toronto Denmark / Greenland
100%
Ankara - Lubumbashi Egypt
100%
Saint Petersburg - Warsaw Estonia
100%
Genoa - Lisbon France
100%
Dublin - Milan France
100%
Conakry - Nouakchott Gambia
100%
Minsk - Yerevan Georgia
100%
Paris - Warsaw Germany
100%
Dublin - Prague Germany
100%
Kraków - Zürich Germany
100%
Istanbul - Pristina Greece
100%
Accra - Freetown Guinea
100%
Banjul - Freetown Guinea
100%
Conakry - Nouakchott Guinea-Bissau
100%
Belgrade - Stockholm Hungary
100%
Stockholm - Toronto Iceland
100%
Kathmandu - Tehran India
100%
Mogadishu - Pyongyang India
100%
Djibouti - Kathmandu India
100%
Kabul - Thimphu India
100%
Hanoi - Thimphu India
100%
Kuala Lumpur - Sana'a India
100%
Kuala Lumpur - Sana'a Indonesia
100%
Abu Dhabi - Ankara Iraq
100%
Amsterdam - New York Ireland
100%
Abu Simbel - Basel Italy
100%
Frankfurt - Vatican City Italy
100%
Accra - Freetown Ivory Coast
100%
Reykjavik - Sydney Japan
100%
Abu Dhabi - Ankara Kuwait
100%
Hanoi - Kuala Lumpur Laos
100%
Saint Petersburg - Warsaw Latvia
100%
Accra - Freetown Liberia
100%
Cairo - Marrakesh Libya
100%
Abu Simbel - Basel Libya
100%
Saint Petersburg - Warsaw Lithuania
100%
Paris - Warsaw Luxembourg
100%
Bujumbura - Perth Madagascar
100%
Antananarivo - Luanda Malawi
100%
Lhasa - Vancouver Mongolia
100%
Sarajevo - Thessaloniki Montenegro
100%
Antananarivo - Luanda Mozambique
100%
Hanoi - Thimphu Myanmar
100%
Mogadishu - Pyongyang Nepal
100%
Dublin - Prague Netherlands
100%
Stockholm - Toronto Norway
100%
Djibouti - Kathmandu Oman
100%
Kathmandu - Tehran Pakistan
100%
Kabul - Thimphu Pakistan
100%
Reykjavik - Sydney Papua New Guinea
100%
Montevideo - Quito Peru
100%
Belgrade - Stockholm Poland
100%
Budapest - Minsk Poland
100%
Lhasa - Vancouver Russia
100%
Reykjavik - Sydney Russia
100%
Helsinki - Seoul Russia
100%
Anchorage - Vientiane Russia
100%
Minsk - Yerevan Russia
100%
Conakry - Nouakchott Senegal
100%
Podgorica - Sofia Serbia
100%
Belgrade - Stockholm Slovakia
100%
Budapest - Minsk Slovakia
100%
Berlin - Zagreb Slovenia
100%
Ankara - Lubumbashi South Sudan
100%
Genoa - Lisbon Spain
100%
Kuala Lumpur - Sana'a Sri Lanka
100%
Ankara - Lubumbashi Sudan
100%
Dublin - Milan Switzerland
100%
Abu Dhabi - Ankara Syria
100%
Astana - Kabul Tajikistan
100%
Bujumbura - Perth Tanzania
100%
Hanoi - Kuala Lumpur Thailand
100%
Lagos - Yamoussoukro Togo
100%
Cairo - Marrakesh Tunisia
100%
Dar es Salaam - N'Djamena Uganda
100%
Minsk - Yerevan Ukraine
100%
Dublin - Prague United Kingdom
100%
Amsterdam - New York United Kingdom
100%
Asuncion - Stockholm United Kingdom
100%
Dublin - Milan United Kingdom
100%
Lhasa - Vancouver United States
100%
Buenos Aires - Marrakesh Uruguay
100%
Astana - Kabul Uzbekistan
100%
Djibouti - Kathmandu Yemen
100%
Antananarivo - Luanda Zambia
100%
Asmara - Kabul Iran
83%
Asmara - Kabul Saudi Arabia
83%
Helsinki - Santo Domingo Sweden
83%
Ankara - Tallinn Belarus
80%
Bergen - Pisa Germany
80%
Ankara - Tallinn Latvia
80%
Bergen - Pisa Switzerland
80%
Ankara - Tallinn Ukraine
80%
Antananarivo - Windhoek Botswana
75%
Belgrade - Cairo Greece
75%
Banjul - Freetown Guinea-Bissau
75%
Colombo - Funafuti Indonesia
75%
Moscow - Sofia Moldova
75%
Antananarivo - Windhoek Mozambique
75%
Belgrade - Cairo North Macedonia
75%
Moscow - Sofia Romania
75%
Banjul - Freetown Senegal
75%
Moscow - Sofia Ukraine
75%
Antananarivo - Windhoek Zimbabwe
75%
Podgorica - Sofia Albania
67%
Baku - Sofia Armenia
67%
Frankfurt - Vatican City Austria
67%
Lomé - N'Djamena Benin
67%
Lomé - N'Djamena Cameroon
67%
Asuncion - Stockholm Denmark
67%
Bujumbura - Juba DR Congo
67%
Luxembourg - Monaco France
67%
Baku - Sofia Georgia
67%
Belgrade - Kraków Hungary
67%
Luxembourg - Monaco Italy
67%
Podgorica - Sofia Kosovo
67%
Lomé - N'Djamena Nigeria
67%
Helsinki - Santo Domingo Norway
67%
Asmara - Kabul Qatar
67%
Belgrade - Kraków Romania
67%
Bujumbura - Juba Rwanda
67%
Belgrade - Kraków Slovakia
67%
Rio de Janeiro - Washington DC Suriname
67%
Luxembourg - Monaco Switzerland
67%
Frankfurt - Vatican City Switzerland
67%
Baku - Sofia Turkey
67%
Bujumbura - Juba Uganda
67%
Islamabad - Tbilisi Afghanistan
60%
Islamabad - Tbilisi Azerbaijan
60%
Kabul - Moscow Kazakhstan
60%
Islamabad - Tbilisi Turkmenistan
60%
Kabul - Moscow Turkmenistan
60%
Kabul - Moscow Uzbekistan
60%
Niamey - Windhoek Angola
50%
Buenos Aires - Kinshasa Angola
50%
Georgetown - Santiago Argentina
50%
Dakar - Mexico City Bahamas
50%
Amsterdam - Rabat Belgium
50%
Georgetown - Santiago Bolivia
50%
Georgetown - Santiago Brazil
50%
Istanbul - Pristina Bulgaria
50%
Belgrade - Cairo Bulgaria
50%
Dakar - Mexico City Cape Verde
50%
Dar es Salaam - N'Djamena Central African Republic
50%
Caracas - Mexico City Colombia
50%
Bogota - San Salvador Costa Rica
50%
Dakar - Mexico City Cuba
50%
Caracas - Carson City Cuba
50%
Banjul - Mexico City Cuba
50%
Beirut - Skopje Cyprus
50%
Amman - Ankara Cyprus
50%
Dar es Salaam - N'Djamena DR Congo
50%
Petra - Tunis Egypt
50%
Khartoum - Monaco Egypt
50%
Dar es Salaam - Sana'a Ethiopia
50%
Amsterdam - Rabat France
50%
Lagos - Yamoussoukro Ghana
50%
Beirut - Skopje Greece
50%
Manila - San Salvador Guatemala
50%
Hua Hin - Perth Indonesia
50%
Petra - Tunis Israel
50%
Amman - Ankara Israel
50%
Khartoum - Monaco Italy
50%
Juba - Zürich Italy
50%
Caracas - Carson City Jamaica
50%
Dar es Salaam - Sana'a Kenya
50%
Sarajevo - Thessaloniki Kosovo
50%
Astana - Kabul Kyrgyzstan
50%
Amman - Ankara Lebanon
50%
Khartoum - Monaco Libya
50%
Juba - Zürich Libya
50%
Maputo - Naypyidaw Madagascar
50%
Colombo - Funafuti Malaysia
50%
Hua Hin - Perth Malaysia
50%
Maputo - Naypyidaw Maldives
50%
Manila - San Salvador Mexico
50%
Caracas - Carson City Netherlands / Curaçao
50%
Bogota - San Salvador Nicaragua
50%
Sarajevo - Thessaloniki North Macedonia
50%
Bogota - San Salvador Panama
50%
Colombo - Funafuti Papua New Guinea
50%
Buenos Aires - Kinshasa Republic of the Congo
50%
Abu Simbel - Basel San Marino
50%
Istanbul - Pristina Serbia
50%
Hua Hin - Perth Singapore
50%
Dar es Salaam - Sana'a Somalia
50%
Amsterdam - Rabat Spain
50%
Maputo - Naypyidaw Sri Lanka
50%
Juba - Zürich Sudan
50%
Beirut - Skopje Turkey
50%
Helsinki - Santo Domingo United Kingdom / Shetland Islands
50%
Manila - San Salvador United States
50%
Buenos Aires - Kinshasa Uruguay
50%
Anchorage - Vientiane Vietnam
50%
Ashgabat - Ulaanbaatar China
40%
Ashgabat - Ulaanbaatar Kazakhstan
40%
Bergen - Pisa Liechtenstein
40%
Ashgabat - Ulaanbaatar Uzbekistan
40%
Belgrade - Tehran Bulgaria
33%
Hanoi - Helsinki China
33%
Montego Bay - Saint John's Dominican Republic
33%
Rio de Janeiro - Washington DC Guyana
33%
Montego Bay - Saint John's Haiti
33%
Hanoi - Helsinki Kazakhstan
33%
Belgrade - Tehran Romania
33%
Hanoi - Helsinki Russia
33%
Baku - Guangzhou Tajikistan
33%
Belgrade - Tehran Turkey
33%
Baku - Guangzhou Turkmenistan
33%
Baku - Guangzhou Uzbekistan
33%
Banjul - Mexico City Cape Verde
25%
Petra - Tunis Malta
25%
Banjul - Mexico City United Kingdom / Turks and Caicos Islands
25%
Brazzaville - Cape Town Angola
0%
Busan - Montevideo Argentina
0%
Montevideo - Paramaribo Argentina
0%
Doha - Wellington Australia
0%
Bangkok - Kathmandu Bangladesh
0%
Bamako - Kingstown Barbados
0%
Baku - Vilnius Belarus
0%
Caracas - Mexico City Belize
0%
Carson City - Tegucigalpa Belize
0%
Niamey - Windhoek Benin
0%
Belgrade - Nice Bosnia and Herzegovina
0%
Bamako - Khartoum Burkina Faso
0%
Bangkok - Ngerulmud Cambodia
0%
Almaty - Houston Canada
0%
Bamako - Khartoum Chad
0%
Busan - Montevideo Chile
0%
Chisinau - Tokyo China
0%
Helsinki - Seoul China
0%
Krasnodar - Vladivostok China
0%
Belgrade - Nice Croatia
0%
Almaty - Houston Denmark / Greenland
0%
Brazzaville - Cape Town DR Congo
0%
Brazzaville - Djibouti DR Congo
0%
Khartoum - Sao Tomé Equatorial Guinea
0%
Brazzaville - Djibouti Ethiopia
0%
Bamako - Kingstown Gambia
0%
Caracas - Mexico City Guatemala
0%
Carson City - Tegucigalpa Guatemala
0%
Bangkok - Kathmandu India
0%
Manila - Rio de Janeiro Indonesia
0%
Baku - Riyadh Iran
0%
Baku - Riyadh Iraq
0%
Cairo - Tehran Iraq
0%
Cairo - Tehran Israel
0%
Belgrade - Nice Italy
0%
Busan - Montevideo Japan
0%
Cairo - Tehran Jordan
0%
Krasnodar - Vladivostok Kazakhstan
0%
Baku - Riyadh Kuwait
0%
Manila - Rio de Janeiro Malaysia
0%
Buenos Aires - Marrakesh Mauritania
0%
Carson City - Tegucigalpa Mexico
0%
Helsinki - Seoul Mongolia
0%
Krasnodar - Vladivostok Mongolia
0%
Bangkok - Kathmandu Myanmar
0%
Brazzaville - Cape Town Namibia
0%
Bamako - Khartoum Niger
0%
Niamey - Windhoek Nigeria
0%
Doha - Wellington Oman
0%
Montevideo - Paramaribo Paraguay
0%
Bangkok - Ngerulmud Philippines
0%
Vientiane - Yaren Philippines
0%
Chisinau - Tokyo Russia
0%
Almaty - Houston Russia
0%
Baku - Vilnius Russia
0%
Montego Bay - Saint John's Saint Kitts and Nevis
0%
Rio de Janeiro - Washington DC Saint Vincent and the Grenadines
0%
Bamako - Kingstown Senegal
0%
Manila - Rio de Janeiro South Africa
0%
Brazzaville - Djibouti South Sudan
0%
Vientiane - Yaren Thailand
0%
Chisinau - Tokyo Ukraine
0%
Baku - Vilnius Ukraine
0%
Budapest - Minsk Ukraine
0%
Doha - Wellington United Arab Emirates
0%
Bangkok - Ngerulmud Vietnam
0%
Vientiane - Yaren Vietnam
0%
No matching quizzes found
Score Distribution
Percent of People with Each Score
Percentile by Number Answered
Your Score History
You have not taken this quiz